IELTS Advantage (Record no. 159121)

MARC details
000 -LEADER
fixed length control field 00778nam a22001937a 4500
005 - DATE AND TIME OF LATEST TRANSACTION
control field 20181204133206.0
010 ## - LCCN (DPL NO)
LC control number B-713020
020 ## - INTERNATIONAL STANDARD BOOK NUMBER
International Standard Book Number 9789386862570
Terms of availability 195.00
035 ## - SYSTEM CONTROL NUMBER
System control number B-713020
037 ## - SOURCE OF ACQUISITION
Source of stock number/acquisition L/RP/RK Books
082 ## - DEWEY DECIMAL CLASSIFICATION NUMBER
Classification number 428.24
100 ## - MAIN ENTRY--PERSONAL NAME
Personal name Taylor Jeremy
245 ## - TITLE STATEMENT
Title IELTS Advantage
Remainder of title Reading Skills
Statement of responsibility, etc Jeremy Taylor, Jon Wright
260 ## - PUBLICATION, DISTRIBUTION, ETC. (IMPRINT)
Place of publication, distribution, etc Delhi
Name of publisher, distributor, etc Goyal Publishers & Distributors Pvt. Ltd.
Date of publication, distribution, etc 2018
270 ## - ADDRESS
Address 86,UB(University Block) Jawahar Nagar
City Delhi
Postal code 110007
Telephone number 23858362,23852986
Fax number 23850961
Electronic mail address goyal@goyalsaab.com
300 ## - PHYSICAL DESCRIPTION
Extent Various Page
Dimensions 29cm(pbk)
942 ## - ADDED ENTRY ELEMENTS (KOHA)
Source of classification or shelving scheme Dewey Decimal Classification
Item type English Books
Call number prefix 428.24
Call number suffix TAY
Holdings
Withdrawn status Lost status Not for loan Collection code Home library Current library Date acquired Source of acquisition Cost, normal purchase price Full call number Barcode Copy number Cost, replacement price Koha item type Public note
      Non-fiction Central Library Central Library 04/12/2018 RK Books/IN2240/17.11.2018/170/05.11.2018/29.11.2018 195.00 428.24TAY B-713020 1 195.00 English Books RP

© Delhi Public Library
Hit Counter
free hit counter